Hillingdon LBC v Guinea Enterprises Ltd (Record no. 56175)
[ view plain ]
| 000 -LEADER | |
|---|---|
| fixed length control field | 01461cab a2200241 4500 |
| 001 - CONTROL NUMBER | |
| control field | ABS59341 |
| 008 - FIXED-LENGTH DATA ELEMENTS--GENERAL INFORMATION | |
| fixed length control field | 090401t1998 xxu||||| |||| 00| 0 eng d |
| 035 ## - SYSTEM CONTROL NUMBER | |
| System control number | (Sirsi) u88836 |
| 041 ## - LANGUAGE CODE | |
| Language code of text/sound track or separate title | eng |
| 245 ## - TITLE STATEMENT | |
| Title | Hillingdon LBC v Guinea Enterprises Ltd |
| 260 ## - PUBLICATION, DISTRIBUTION, ETC. | |
| Date of publication, distribution, etc. | 1998 |
| 350 ## - PRICE (NR) (BK AM CF MU VM SE) [OBSOLETE] | |
| Price | 0 |
| 490 ## - SERIES STATEMENT | |
| Series statement | Property and Compensation Reports |
| Volume/sequential designation | [1998] 76 P&CR 338-345(8) |
| 520 ## - SUMMARY, ETC. | |
| Summary, etc. | "Hillingdon LBC v Guinea Enterprises Ltd" QBD 24 June 1996. The plaintiff council applied for a final injunction under the Town and Country Planning Act 1990 s187B against 16 defendents in order to restrain unauthorised landfilling and aggregate reprocessing on land within the green belt. The land had been purchased by an off-shore company but the legal estate had reverted to the vendor in default of registration. The judge had to decide whether to grant the injunction and if so, against which defendents and unidentified persons. He also considered whether other land within the borough should be included. Held; allowing the application. The injunction bound any person controlling, administering, financing, holding shares in or otherwise subscribing to or connected with the defendant companies. |
| 650 ## - SUBJECT ADDED ENTRY--TOPICAL TERM | |
| Topical term or geographic name entry element | AGGREGATES |
| 650 ## - SUBJECT ADDED ENTRY--TOPICAL TERM | |
| Topical term or geographic name entry element | HILLINGDON LBC V GUINEA ENTERPRISES LTD |
| 650 ## - SUBJECT ADDED ENTRY--TOPICAL TERM | |
| Topical term or geographic name entry element | INJUNCTION |
| 650 ## - SUBJECT ADDED ENTRY--TOPICAL TERM | |
| Topical term or geographic name entry element | LANDFILL |
| 650 ## - SUBJECT ADDED ENTRY--TOPICAL TERM | |
| Topical term or geographic name entry element | TOWN AND COUNTRY PLANNING ACT 1990 |
| 690 ## - LOCAL SUBJECT ADDED ENTRY--TOPICAL TERM (OCLC, RLIN) | |
| Topical term or geographic name as entry element | PLANNING LAW AND PRACTICE-CASE LAW |
| 942 ## - ADDED ENTRY ELEMENTS (KOHA) | |
| Suppress in OPAC | 0 |
| 948 ## - LOCAL PROCESSING INFORMATION (OCLC); SERIES PART DESIGNATOR (RLIN) | |
| c (OCLC) | 06/10/1998 |
| Withdrawn status | Lost status | Source of classification or shelving scheme | Damaged status | Not for loan | Home library | Current library | Shelving location | Date acquired | Total Checkouts | Full call number | Barcode | Date last seen | Copy number | Price effective from | Koha item type |
|---|---|---|---|---|---|---|---|---|---|---|---|---|---|---|---|
| Dewey Decimal Classification | London | London | Journal article | 14/09/1999 | ABS59341 | 88836-1001 | 06/08/2019 | 1 | 06/08/2019 | Law report |